ბათუმის შოთა რუსთაველის სახელმწიფო უნივერსიტეტის ბიბლიოთეკა

Cultural Tourism.The Partnership Between Tourism and Cultural Heritage Mangament. (ბიბ.ჩანაწერი № 45398)

000 -LEADER
fixed length control field 00607nam a2200217Ia 4500
001 - CONTROL NUMBER
control field 12222
003 - CONTROL NUMBER IDENTIFIER
control field GE_BSU
008 - FIXED-LENGTH DATA ELEMENTS--GENERAL INFORMATION
fixed length control field 181216s||||||||xx |||||||||||||| ||und||
020 ## - INTERNATIONAL STANDARD BOOK NUMBER
International Standard Book Number 100789011069
040 ## - CATALOGING SOURCE
Transcribing agency GE_BSU
080 ## - UNIVERSAL DECIMAL CLASSIFICATION NUMBER
Universal Decimal Classification number 338.48+796.5
100 ## - MAIN ENTRY--PERSONAL NAME
Personal name Mckercher,Bob; Cros,Hilary du.
245 ## - TITLE STATEMENT
Title Cultural Tourism.The Partnership Between Tourism and Cultural Heritage Mangament.
260 ## - PUBLICATION, DISTRIBUTION, ETC.
Place of publication, distribution, etc. New York.
260 ## - PUBLICATION, DISTRIBUTION, ETC.
Date of publication, distribution, etc. 2002
300 ## - PHYSICAL DESCRIPTION
Extent 262p;23cm.
300 ## - PHYSICAL DESCRIPTION
Other physical details ill.
653 ## - INDEX TERM--UNCONTROLLED
Uncontrolled term Cultural Tourism.The Partnership Between Tourism and Cultural Heritage Mangament.
942 ## - ADDED ENTRY ELEMENTS (KOHA)
Koha item type წიგნი
ეგზემპლარები
Withdrawn status Lost status Damaged status Not for loan Date acquired Barcode Date last seen Price effective from Koha item type
        2018-12-17 36025 2018-12-17 2018-12-17 წიგნი